|
|
|
|
| LEADER |
01245naa a22002177a 4500 |
| 003 |
AR-BeUNQ |
| 005 |
20231110103423.0 |
| 007 |
ta |
| 008 |
231102s1994 ag 000 0 spa d |
| 999 |
|
|
|c 37940
|d 121740
|
| 040 |
|
|
|a AR-BeUNQ
|b spa
|c AR-BeUNQ
|e aacr
|
| 245 |
1 |
3 |
|a El saber práctico de los profesores especialistas
|h [recurso electrónico] :
|b aportaciones desde las didácticas específicas /
|c Rafael Porlán Ariza, José Martín Toscano.
|
| 256 |
|
|
|a Datos electrónicos (1 archivo doc)
|
| 300 |
|
|
|a recurso electrónico
|b 105 p.
|
| 500 |
|
|
|a Material digital editado con un formato accesible para uso exclusivo de personas con discapacidad.
|
| 538 |
|
|
|a Requerimientos del material: Procesador de textos y un lector de pantalla.
|
| 594 |
|
|
|a Carassai, Mariela Andrea
|b PROFESORADO DE CIENCIAS SOCIALES
|c DIDÁCTICA DE LAS CIENCIAS SOCIALES
|d 2016
|
| 594 |
|
|
|a Carassai, Mariela Andrea
|b LICENCIATURA EN CIENCIAS SOCIALES
|c DIDÁCTICA DE LAS CIENCIAS SOCIALES
|d 2016
|
| 773 |
|
|
|a
|b
|t Investigación en la escuela.
|d Sevilla : Universidad de Sevilla, 1994
|g No. 24 (1994), p. 49-59
|
| 856 |
|
|
|z Para solicitar el texto accesible haga click aquí (sólo para personas con discapacidad)
|u https://biblio.unq.edu.ar/consulte/index.php?a=add
|
| 942 |
|
|
|c TA
|